000 00367nam a2200157Ia 4500
008 230917s9999||||xx |||||||||||||| ||und||
040 _e129046
_aMAIN
041 _aEnglish
082 _a346.03 P645L
100 _aPillai, P.S.A.
245 0 _aLaw of tort
250 _a9th ed.
260 _aLucknow
_bEastern Book
_c2004
300 _alii, 703p p.
942 _cBK
999 _c120748
_d120748